00784nam a2200205 a 450000100100000000500170001000800410002704000250006808200160009310000370010924500530014626000520019930000170025150000820026850000380035050500500038804900090043895201140044799900170056100003323720200930070122.0110823s1937 fr 000 0 spa d aDO-SdBNPbspacBNPHU axxxxbC732c1 aComhaire-Sylvain, Suzanne95886610aLes contes haitiens /cSuzanne Comhaire-Sylvain. aParis :bImprimerie de Meester Wetteren,c1937. av. ;c24 cm. aOrigine immédiate et extension en Amérique, Afrique et Europe occidentale aLa biblioteca posee el volumen 110 gv. 11tConjoint animal ou démon déguisé aBNPD 001050718MOaPDbPDcCTd2011-08-23iLF1l0oxxxx C732cp33237-10r2020-06-25w2020-06-25y1ZNo se presta c32728d32728